Central Library OPAC University of Rajshahi

Fundamentals of computer math / (Record no. 71298)

MARC details
000 -LEADER
fixed length control field 00793nam a2200265 a 4500
001 - CONTROL NUMBER
control field 71298
003 - CONTROL NUMBER IDENTIFIER
rucl marc code BD-RjUL
005 - DATE AND TIME OF LATEST TRANSACTION
control field 20211209082111.0
008 - FIXED-LENGTH DATA ELEMENTS--GENERAL INFORMATION
fixed length control field 170502s1964 inua 000 0 eng
020 ## - INTERNATIONAL STANDARD BOOK NUMBER
Terms of availability : USD 4.95
035 ## - SYSTEM CONTROL NUMBER
System control number (BD-RjUL)71514
040 ## - CATALOGING SOURCE
Original cataloging agency DLC
Transcribing agency FJ
Modifying agency OCoLC
-- DLC
-- BD-RjUL
Language of cataloging eng
041 ## - LANGUAGE CODE
Language code of text/sound track or separate title eng
082 ## - DEWEY DECIMAL CLASSIFICATION NUMBER
Classification number 510.783
Edition number 23
Author mark and year LYF 1964
100 1# - MAIN ENTRY--PERSONAL NAME
Personal name Lytel, Allan Herbert
Dates associated with a name 1920-
9 (RLIN) 210979
245 10 - TITLE STATEMENT
Title Fundamentals of computer math /
Statement of responsibility, etc. by Allan Herbert Lytel ; edited by A. A. Wicks.
250 ## - EDITION STATEMENT
Edition statement 1st ed.
260 ## - PUBLICATION, DISTRIBUTION, ETC. (IMPRINT)
Place of publication, distribution, etc. Indianapolis :
Name of publisher, distributor, etc. H.W. Sams,
Date of publication, distribution, etc. 1964
300 ## - PHYSICAL DESCRIPTION
Pagination 160 p. :
Illustrations ill. ;
Size 23 cm.
500 ## - GENERAL NOTE
General note "Cat. no. CMF-1."
650 #0 - SUBJECT ADDED ENTRY--TOPICAL TERM
Topical term or geographic name as entry element Electronic digital computers.
9 (RLIN) 210980
Topical term or geographic name as entry element Numerical calculations
9 (RLIN) 210981
942 ## - ADDED ENTRY ELEMENTS (KOHA)
Source of classification or shelving scheme Dewey Decimal Classification
Koha item type Books
Holdings
Lost status Source of classification or shelving scheme Damaged status Not for loan Collection code Permanent Location Current Location Shelving location Date acquired Source of acquisition Cost, normal purchase price Total Checkouts Full call number Date last seen Copy number Koha item type
  Dewey Decimal Classification   Not For Loan Non-fiction Central Library, University of Rajshahi Central Library, University of Rajshahi Reading Room 04/03/1965 Book Centre 24.75   510.783 LYF 1964 02/05/2017 C-1 Books